MDQL
is popping MORE tags! Check the
thread
!
Quizzes
Events
Quiz Creation
Community
Videos
Private Events
Remove Ads
Sign In
Join for FREE
Feedback
Dark Mode
Quiz Categories
Sports
Geography
Music
Movies
Television
Just For Fun
Miscellaneous
History
Literature
Language
Science
Gaming
Entertainment
Religion
Holiday
For Kids
Quiz Lab
Recent
Popular Today
Quiz Kudos Today
Editor Picks
Curator Picks
Quizzes by...
Day
Popularity
Type
Ratings
Length
Year
Community
Subscriptions
Recent Discussions
Orange Saloon
Badges
Playlists
Quests
Create
Leaderboards
Showdown
Live 5
Trivia Bingo
Activity
Puzzle Library
Sporcle Events
Private Events
Virtual Trivia
Globe League
Become a Host
Pub Owners
SporcleCon
Opinionation
Our Games
Videos
Blog
Mobile Apps
Partnerships
Remove Ads and Go Orange
Feedback
Science
Computer
Plants
Astronomy
Chemistry
Elements
Math
Animal
Physics
Anatomy
Biology
Geology
General Science
Science
Computer
Plants
Astronomy
Chemistry
Elements
Math
Animal
Physics
Anatomy
Biology
Geology
General Science
Random Quiz
Search Sporcle
×
Quiz Lab
Quiz Lab
Science
citric
Type in answers that appear in a list
Type in answers that appear in a list
Classic
Best Score? Go Orange.
Everything about the Citric Acid Cycle Stats
Can you name the molecules and enzymes of the citric acid cycle?
By
a7d07c8114
20m
35 Questions
294 Plays
294 Plays
294 Plays
Comments
Comments
Give Quiz Kudos
Give Quiz Kudos
-
- Ratings
hide this ad
No Skip
Answers have to be entered in order without skipping
Answers have to be entered in order without skipping
Replay
Link that replays current quiz
Next Quiz
Link to next quiz in quiz playlist
You Got
0%
They Got
Avg Score
23%
Avg Friend Score
Upgrade to see
Score Distribution
Jump to the score distribution portion of the page
Score
0/35
Timer
20:00
0
Plays Today
Reaction and molecule type
Molecule or enzyme
% Correct
?
???
100%
?
???
92.9%
?
???
42.2%
?
???
41.2%
?
???
40.8%
?
???
35%
?
???
34.7%
?
???
33%
?
???
32%
?
???
26.9%
?
???
24.1%
?
???
24.1%
?
???
23.5%
?
???
17%
?
???
17%
?
???
17%
?
???
16%
?
???
16%
Reaction and molecule type
Molecule or enzyme
% Correct
?
???
16%
?
???
15.6%
?
???
15.6%
?
???
15.6%
?
???
15.6%
?
???
15.6%
?
???
15.6%
?
???
10.2%
?
???
8.8%
?
???
8.8%
?
???
8.8%
?
???
7.5%
?
???
6.1%
?
???
5.8%
?
???
4.8%
?
???
3.4%
?
???
3.4%
Quiz Playlist
Details
Report
Send in Message
Add To Playlist
Classic:
Type in answers that appear in a list
No Skip:
Answers have to be entered in order without skipping
Last Updated: Feb 16, 2017
Quiz Scoreboard
CHALLENGE
Sign Up to Join the Scoreboard
Show All
Scores
Hide
Comments
May contain spoilers
Recently Published
Image Sorting: Flags VI
by Barbecue
Geography
2m
Find the 'City' Movie
by crazypaving
Movies
60s
Colored Red Africa Blitz
by spor1
Geography
45s
More to Explore
Quiz From the Vault
Featured Blog Post
14 Easter Pick-up Lines to Find Eggs With
hide this ad
You Might Also Like...
Tags
Acid
citric
Cycle
Enzyme
Everything
molecule
reaction
Today's Top Quizzes in Science
Browse Science
hide this ad
Top Contributed Quizzes in Science
1
Windmill: Elements
2
200 Vogels in Nederland
3
Square Numbers Scrambled (1-50)
4
Count to 60
5
Glycolysis
6
Elements In Images
7
17 TIMES TABLE
8
4-letter Elementary Words III
9
The First 100 Digits of Pi
10
Astronomy Spelling Bee
Explore More
Trending Topics
NBA
Kpop
Crossword
Disney
Marvel
Anime
Harry Potter
The Office
Song
Puzzle
Pokémon
Country
Soccer
WWE
NFL
hide this ad
More By:
a7d07c8114
Quiz
Plays
Rating
Category
Featured
Created
Everything about the Citric Acid Cycle
294
2.00
Science
Jun 3, 2010
Los complementos de objeto indirectos
21
Language
Jun 11, 2010
Go to Creator's Profile
Score Distribution
Quiz Creator Spotlight
a7d07c8114
Follow
Send a Message
Quizzes Created
-
Created Quiz Play Count
-
More By This Creator
Popular Quizzes Today
1
Colored Red Africa Blitz
2
Find the US States - No Outlines Minefield
3
Find the 'City' Movie
4
5x2 Blitz: Bands
5
The Countries of the World
6
Find the US States
7
Find the Countries of Europe - No Outlines Minefield
8
US States
More Science Quizzes
The Unequal Equation Quiz III
Published
Trending Quizzes
Colored Red Europe Blitz I
Colored Red Europe Blitz II
Colored Red Africa Blitz II
Colored Red Europe Blitz III
Colored Red Africa Blitz III
Recently Updated
How Do You Spell That?
pecheneg
Godzilla Movies
pecheneg
Grab Bag: 4-10 Letters
pecheneg
2024 March Madness Bracket
pecheneg
Famous TV Couples
Peacemaker
Champions League XIs: Real Madrid
pecheneg
Largest US Cities 1790-2010
pecheneg
Rides in Walt Disney World
pecheneg
Most Oscar Losses (Acting)
pecheneg
Beyoncé Albums
pecheneg
Trending Topics
Harry Potter
Kpop
Disney
Crossword
Anime
Marvel
NBA
The Office
Country
Puzzle
NFL
Song
Soccer
WWE
Pokémon
Your Account Isn't Verified!
In order to create a playlist on Sporcle, you need to verify the email address you used during registration. Go to your
Sporcle Settings
to finish the process.
Report this User
Report this user for behavior that violates our
Community Guidelines
.
Details:
Send Report
Go to the Sporcle.com Mobile Site →
Comments